00809nam a2200229 a 4500999001500000001000500015003000900020005001700029008004100046020001500087040003800102082001600140245011200156260005200268300002800320500002000348650003200368650003100400700002200431942001200453952011400465 c2339d23394711BD-DhUAP20200223140243.0200223s1999 nyua 001 0 eng d a9845123449 aBD-DhUAPcBD-DhUAPdBD-DhUAPbEng a934 SON223 aSonargaon-Panam : ba survey of historical monuments and sites in Bangladesh, SHMSB 003 /cA. B. M. Husain. aDhaka :bAsiatic Society of Bangladesh,cc1997. axi, 214 pages ;c25 cm. aIncludes index. aCities and towns -- India.  aSociology, Urban -- India. aHusain, A. B. M.  2ddccBK 00102ddc4070aUAPCLbUAPCLcGeneral Stacksd2020-02-23o934 SONp3010004711r2020-02-23t1w2020-02-23yBK